[Event "G5-2, gruppe 1"]
[Site "Skorping"]
[Date "2017.04.13"]
[Round "1"]
[White "Hansen Eliasen, Bogi"]
[Black "Christiansen, Jens Jorgen"]
[Result "0-1"]
[WhiteElo "1910"]
[BlackElo "2130"]
[PlyCount "76"]
[EventDate "2017.04.13"]

1. d4 d5 2. c4 c6 3. Nf3 Nf6 4. g3 Bf5 5. Bg2 e6 6. Nbd2 Nbd7 7. Nh4 Bg4 8. h3
Bh5 9. g4 Ne4 10. Nxe4 dxe4 11. Bf4 Bb4+ 12. Kf1 Qxh4 13. Bg3 Qe7 14. gxh5 f5
15. c5 Nf6 16. Qa4 Nd5 17. a3 Bd2 18. e3 Qg5 19. Qb3 O-O 20. Rd1 f4 21. h4 Qxh5
22. Bxf4 Bxe3 23. Bxe3 Nxe3+ 24. Qxe3 Qxd1+ 25. Qe1 Qxd4 26. Bxe4 Qxb2 27. Rg1
Qb5+ 28. Kg2 Qxc5 29. f3 Rad8 30. Kh3 Qh5 31. Qc3 e5 32. Qb3+ Kh8 33. Rg5 Qf7
34. Qc2 Qf4 35. Rg4 Qe3 36. Rg3 Qe1 37. Qb3 Qh1+ 38. Kg4 Rf4+ 0-1

[Event "G5-2, gruppe 1"]
[Site "Skorping"]
[Date "2017.04.13"]
[Round "1"]
[White "Molvig, Henrik"]
[Black "Raahauge, Lars"]
[Result "1-0"]
[WhiteElo "2095"]
[BlackElo "1863"]
[PlyCount "113"]
[EventDate "2017.04.13"]

1. d4 Nf6 2. c4 e5 3. dxe5 Ng4 4. Nh3 Nxe5 5. e3 Bb4+ 6. Bd2 Bxd2+ 7. Qxd2 d6
8. Nf4 Nbd7 9. Nc3 Nf6 10. Be2 Bf5 11. Nfd5 Ne4 12. Nxe4 Bxe4 13. O-O Bxd5 14.
Qxd5 b6 15. b4 O-O 16. c5 bxc5 17. bxc5 Qe7 18. cxd6 Qxd6 19. Qxd6 cxd6 20.
Rfd1 Rfd8 21. Rac1 Rac8 22. Rxc8 Rxc8 23. Rxd6 g6 24. f4 Nc4 25. Bxc4 Rxc4 26.
Ra6 Rc7 27. Kf2 f5 28. Kf3 Kg7 29. g4 Re7 30. h3 Kf7 31. a4 Kg7 32. a5 Kf7 33.
Rc6 Rd7 34. Kg3 Re7 35. Kf3 Rd7 36. Kg3 Re7 37. Rc3 Ke6 38. Kf3 Kd5 39. Rc8 Kd6
40. Rf8 Ke6 41. gxf5+ gxf5 42. Rb8 Rc7 43. Rb5 Kf6 44. Re5 Rg7 45. Rc5 Rd7 46.
Rc6+ Kf7 47. h4 Kg7 48. Ke2 Kf7 49. Rc4 Kg6 50. Rd4 Rc7 51. Rd5 Kf6 52. Kd3 Re7
53. h5 Rc7 54. Kd4 Re7 55. Rd6+ Kf7 56. a6 Rc7 57. Ke5 1-0

[Event "G5-2, gruppe 1"]
[Site "Skorping"]
[Date "2017.04.13"]
[Round "1"]
[White "Nielsen, Carsten Juul"]
[Black "Jepsen, Thomas Tange"]
[Result "1/2-1/2"]
[WhiteElo "1909"]
[BlackElo "2080"]
[PlyCount "61"]
[EventDate "2017.04.13"]

1. d4 d5 2. c4 c6 3. Nc3 Nf6 4. Nf3 a6 5. e3 b5 6. cxd5 cxd5 7. Bd3 Bg4 8. a3
Nc6 9. h3 Bxf3 10. Qxf3 e5 11. dxe5 Nxe5 12. Qf5 Bd6 13. Be2 O-O 14. O-O Qc8
15. Qxc8 Raxc8 16. Rd1 Rfd8 17. Nxd5 Ne4 18. Bf3 Nxf3+ 19. gxf3 Ng5 20. Kg2 Ne6
21. e4 Rc2 22. Rb1 Rdc8 23. Be3 R8c6 24. f4 f6 25. Rbc1 Kf7 26. Rxc2 Rxc2 27.
Rd2 Rc4 28. f3 Bc5 29. f5 Nd4 30. Bxd4 Rxd4 31. Rxd4 1/2-1/2

[Event "G5-2, gruppe 1"]
[Site "Skorping"]
[Date "2017.04.13"]
[Round "1"]
[White "Gronhoj, Benny"]
[Black "Petersen, Jan Han"]
[Result "1-0"]
[WhiteElo "2040"]
[BlackElo "1877"]
[PlyCount "81"]
[EventDate "2017.04.13"]

1. e4 c5 2. Nf3 d6 3. d4 cxd4 4. Nxd4 Nf6 5. Nc3 a6 6. a4 e5 7. Nb3 Be6 8. Be2
Nc6 9. Be3 Rc8 10. O-O Nb4 11. f4 exf4 12. Bxf4 d5 13. exd5 Nbxd5 14. Be5 Bd6
15. Bxd6 Qxd6 16. a5 Qe5 17. Nxd5 Nxd5 18. Bf3 O-O 19. Re1 Qg5 20. Nd4 Rfd8 21.
Nxe6 fxe6 22. Bxd5 Rxd5 23. Qe2 e5 24. Qf3 Rcd8 25. Rf1 h6 26. Rae1 Rd2 27.
Qxb7 R8d7 28. Qf3 Re7 29. Qe4 Red7 30. Qa8+ Kh7 31. Rf8 Rd8 32. Qe4+ g6 33.
Rf7+ Kg8 34. Rff1 R8d4 35. Qa8+ Rd8 36. Qc6 Kg7 37. b4 R8d6 38. Qb7+ Rd7 39.
Qe4 R7d4 40. Qf3 Qe7 41. Rxe5 1-0

[Event "G5-2, gruppe 1"]
[Site "Skorping"]
[Date "2017.04.13"]
[Round "1"]
[White "Nielsen, Henrik Wendelbo"]
[Black "Munk, Kai S"]
[Result "0-1"]
[WhiteElo "1842"]
[BlackElo "1979"]
[PlyCount "98"]
[EventDate "2017.04.13"]

1. d4 d5 2. c4 c6 3. Nf3 Bf5 4. Nc3 e6 5. cxd5 exd5 6. e3 Nf6 7. Bd3 Bg6 8. O-O
Bd6 9. Re1 O-O 10. Bxg6 hxg6 11. Rb1 Re8 12. b4 a6 13. Qd3 Ne4 14. a3 Nd7 15.
Bb2 Ndf6 16. Ne5 Bxe5 17. dxe5 Rxe5 18. Nxe4 Rxe4 19. f3 Re6 20. Rbd1 Qc7 21.
Qd4 Rae8 22. Re2 R8e7 23. Rde1 Ne8 24. a4 f6 25. b5 axb5 26. axb5 Nd6 27. bxc6
bxc6 28. Qg4 Nc4 29. Qxg6 Nxb2 30. Rxb2 Rxe3 31. Rxe3 Rxe3 32. Kf2 Re5 33. h4
Qc8 34. Rb6 Qc7 35. Qb1 Re8 36. Qb4 c5 37. Qa5 Kh7 38. Qb5 Qe5 39. Qd3+ Kh8 40.
Rb1 c4 41. Qg6 d4 42. h5 Qe3+ 43. Kg3 Qg5+ 44. Qxg5 fxg5 45. Rb4 Rc8 46. Kf2 c3
47. Rb1 Re8 48. Rd1 c2 49. Rc1 d3 0-1

[Event "G5-2, gruppe 1"]
[Site "Skorping"]
[Date "2017.04.13"]
[Round "1"]
[White "Kull, Michael Wilhelm"]
[Black "Frambol, Christian Emil"]
[Result "1/2-1/2"]
[WhiteElo "1911"]
[BlackElo "1763"]
[PlyCount "48"]
[EventDate "2017.04.13"]

1. d4 Nf6 2. c4 g6 3. Nc3 Bg7 4. e4 d6 5. f3 O-O 6. Nge2 c5 7. Be3 cxd4 8. Nxd4
Nc6 9. Qd2 Bd7 10. Be2 Nxd4 11. Bxd4 Bc6 12. g4 a5 13. h4 e5 14. Be3 h5 15. Bg5
Kh7 16. gxh5 gxh5 17. Rd1 Qb6 18. Nd5 Bxd5 19. exd5 Qb4 20. Bd3+ Kh8 21. Kf1
Qxd2 22. Rxd2 Ng8 23. Bf5 Nh6 24. Bxh6 Bxh6 1/2-1/2

[Event "G5-2, gruppe 1"]
[Site "Skorping"]
[Date "2017.04.13"]
[Round "1"]
[White "Olsen, Karsten Kierkegaard"]
[Black "Agger, Lars Breinholt"]
[Result "0-1"]
[WhiteElo "1689"]
[BlackElo "1802"]
[PlyCount "60"]
[EventDate "2017.04.13"]

1. e4 c5 2. Nf3 d6 3. b3 Nf6 4. Nc3 g6 5. Bb2 Bg7 6. Nd5 O-O 7. Nxf6+ exf6 8.
Bc4 Re8 9. O-O Nc6 10. d3 Be6 11. Bxe6 fxe6 12. Qd2 Rc8 13. Rfd1 Qe7 14. Rac1
Ne5 15. Bxe5 fxe5 16. Qg5 Qf7 17. Qg3 Bh6 18. Ng5 Qf6 19. h4 Rf8 20. c4 Qe7 21.
Rc2 Rf4 22. Qh3 Re8 23. Nf3 Kh8 24. Rf1 g5 25. hxg5 Bxg5 26. Nxg5 Qxg5 27. Qe3
Rg8 28. g3 Qh5 29. Kg2 Rh4 30. Rg1 Rh2+ 0-1

[Event "G5-2, gruppe 1"]
[Site "Skorping"]
[Date "2017.04.14"]
[Round "2"]
[White "Christiansen, Jens Jorgen"]
[Black "Gronhoj, Benny"]
[Result "1-0"]
[WhiteElo "2130"]
[BlackElo "2040"]
[PlyCount "81"]
[EventDate "2017.04.13"]

1. d4 Nf6 2. Nf3 d6 3. g3 Bf5 4. Bg2 Nbd7 5. c4 c6 6. Nc3 e5 7. O-O Be7 8. Re1
O-O 9. h3 exd4 10. Nxd4 Be6 11. Nxe6 fxe6 12. e4 Ne5 13. b3 Qc7 14. Be3 Rad8
15. Rc1 Ng6 16. Ne2 e5 17. Nc3 Rf7 18. b4 d5 19. cxd5 Bxb4 20. Qb3 Qa5 21. Red1
Bxc3 22. Rxc3 cxd5 23. exd5 e4 24. d6 b6 25. Rc7 Ne5 26. Bg5 h6 27. Bxf6 gxf6
28. Bxe4 Rxd6 29. Rxd6 Qe1+ 30. Kh2 Qxe4 31. Rxf6 Nf3+ 32. Rxf3 Qxf3 33. Qxf7+
Qxf7 34. Rxf7 Kxf7 35. Kg2 Ke6 36. Kf3 Kd5 37. Ke3 b5 38. Kd3 a5 39. f4 b4 40.
g4 a4 41. g5 1-0

[Event "G5-2, gruppe 1"]
[Site "Skorping"]
[Date "2017.04.14"]
[Round "2"]
[White "Munk, Kai S"]
[Black "Molvig, Henrik"]
[Result "1/2-1/2"]
[WhiteElo "1979"]
[BlackElo "2095"]
[PlyCount "42"]
[EventDate "2017.04.13"]

1. d4 Nf6 2. Nf3 g6 3. Bf4 Bg7 4. e3 d6 5. h3 O-O 6. Nbd2 c5 7. c3 Nbd7 8. Be2
b6 9. O-O Bb7 10. Qc2 Rc8 11. Rac1 a6 12. a4 Re8 13. Bh2 Rc7 14. Qb3 Qa8 15.
Rfd1 cxd4 16. exd4 Rcc8 17. Bc4 Bd5 18. Bxd5 Qxd5 19. Qxd5 Nxd5 20. Re1 b5 21.
axb5 axb5 1/2-1/2

[Event "G5-2, gruppe 1"]
[Site "Skorping"]
[Date "2017.04.14"]
[Round "2"]
[White "Agger, Lars Breinholt"]
[Black "Kull, Michael Wilhelm"]
[Result "1/2-1/2"]
[WhiteElo "1802"]
[BlackElo "1911"]
[PlyCount "81"]
[EventDate "2017.04.13"]

1. e4 e6 2. d4 d5 3. exd5 exd5 4. c4 Nf6 5. Bd3 Bb4+ 6. Nc3 O-O 7. Nge2 Be6 8.
Qb3 Nc6 9. c5 b6 10. a3 Bxc3+ 11. bxc3 Rb8 12. Qa4 Na5 13. cxb6 axb6 14. O-O
Qe7 15. Bg5 h6 16. Bh4 Nc4 17. Bxf6 Qxf6 18. Qc6 Qd8 19. Nf4 Na5 20. Qa4 Qd6
21. Nxe6 fxe6 22. Rae1 Rf6 23. Qb4 Qxb4 24. axb4 Nb7 25. Ra1 Nd6 26. Ra7 c6 27.
Rc7 Rc8 28. Rxc8+ Nxc8 29. Ra1 Rf8 30. Ra6 Kf7 31. b5 cxb5 32. Bxb5 Kf6 33. Ra8
Ke7 34. Ba6 Kd7 35. Rb8 Kc7 36. Rb7+ Kc6 37. Rxg7 Nd6 38. Bd3 Ra8 39. h4 Ra3
40. Rg3 Rxc3 41. Kf1 1/2-1/2

[Event "G5-2, gruppe 1"]
[Site "Skorping"]
[Date "2017.04.14"]
[Round "2"]
[White "Frambol, Christian Emil"]
[Black "Nielsen, Carsten Juul"]
[Result "1-0"]
[WhiteElo "1763"]
[BlackElo "1909"]
[PlyCount "108"]
[EventDate "2017.04.13"]

1. Nf3 Nf6 2. g3 d5 3. Bg2 Bf5 4. O-O c6 5. b3 e6 6. c4 Nbd7 7. Bb2 Be7 8. d3
O-O 9. Nbd2 Bg6 10. Re1 a5 11. e4 dxe4 12. dxe4 Nc5 13. Ne5 Nfd7 14. Nxg6 hxg6
15. Nf3 Nb8 16. Qc2 Nba6 17. a3 Qd3 18. Qxd3 Nxd3 19. Reb1 Nxb2 20. Rxb2 Rfd8
21. Bf1 Nc5 22. Re1 f6 23. b4 Nd3 24. Bxd3 Rxd3 25. Kg2 a4 26. Re3 Rad8 27.
Rbe2 Kf7 28. c5 Rd1 29. e5 f5 30. h4 Rb1 31. Nd2 Rc1 32. Nf3 Rdd1 33. Rd2 Rxd2
34. Nxd2 g5 35. hxg5 Bxg5 36. f4 Be7 37. Rd3 Ke8 38. Nf3 Rc2+ 39. Kf1 Rb2 40.
Nd2 Rc2 41. Ke2 Rc1 42. Nf3 Ra1 43. Nd2 Rc1 44. Nf3 Ra1 45. Rc3 Kf7 46. Nd2 Ke8
47. Nc4 g5 48. Nb6 Ra2+ 49. Kf3 g4+ 50. Ke3 Rg2 51. Kd4 Rd2+ 52. Rd3 Re2 53.
Nxa4 Kd7 54. Nb6+ Kc7 1-0

[Event "G5-2, gruppe 1"]
[Site "Skorping"]
[Date "2017.04.14"]
[Round "2"]
[White "Jepsen, Thomas Tange"]
[Black "Hansen Eliasen, Bogi"]
[Result "1-0"]
[WhiteElo "2080"]
[BlackElo "1910"]
[PlyCount "77"]
[EventDate "2017.04.13"]

1. d4 f5 2. c4 e6 3. Nc3 Nf6 4. Nf3 b6 5. g3 Bb7 6. Bg2 Bb4 7. Qb3 c5 8. O-O
cxd4 9. Nxd4 Bxg2 10. Kxg2 Bc5 11. Rd1 Bxd4 12. Rxd4 Nc6 13. Rd6 Na5 14. Qb4
Qe7 15. Nb5 O-O 16. Bd2 Ne4 17. Rd4 Nc5 18. Qc3 Nc6 19. Rh4 Ne4 20. Qc2 Ne5 21.
f3 Nxd2 22. Qxd2 g5 23. Rd4 f4 24. Re4 Ng6 25. Rd1 Rfd8 26. Nd6 Rab8 27. b4 h5
28. e3 fxe3 29. Qxe3 Qf6 30. Rd2 h4 31. Rg4 Kf8 32. Rxg5 hxg3 33. hxg3 Kg7 34.
f4 Rh8 35. Ne4 Qa1 36. Rxd7+ Kf8 37. Nf2 Qb2 38. Rxg6 Re8 39. Qd4 1-0

[Event "G5-2, gruppe 1"]
[Site "Skorping"]
[Date "2017.04.14"]
[Round "2"]
[White "Raahauge, Lars"]
[Black "Nielsen, Henrik Wendelbo"]
[Result "1-0"]
[WhiteElo "1863"]
[BlackElo "1842"]
[PlyCount "85"]
[EventDate "2017.04.13"]

1. e4 c6 2. d4 d5 3. exd5 cxd5 4. Bd3 Nc6 5. c3 Nf6 6. Bf4 Bg4 7. Qb3 Qd7 8.
Nd2 e6 9. Ngf3 O-O-O 10. Bb5 Bd6 11. Ne5 Bxe5 12. dxe5 Ne8 13. h3 Bh5 14. g4
Bg6 15. O-O-O Nc7 16. Be2 Qe7 17. Nf3 Be4 18. Rhe1 h6 19. Nd4 Nxd4 20. Rxd4 Rd7
21. f3 Qh4 22. Rf1 Bxf3 23. Rxf3 h5 24. g5 Qe1+ 25. Qd1 Qxd1+ 26. Rxd1 g6 27.
Be3 b6 28. Rdf1 Rh7 29. a4 Kb7 30. Bd4 Na6 31. b4 Nb8 32. Bb5 Nc6 33. Bxc6+
Kxc6 34. b5+ Kb7 35. Kb2 Rc7 36. Kb3 a5 37. bxa6+ Kxa6 38. R3f2 Ka5 39. Rb2 Rh8
40. Kc2 Rb8 41. Rfb1 Rcb7 42. Rb5+ Ka6 43. h4 1-0

[Event "G5-2, gruppe 1"]
[Site "Skorping"]
[Date "2017.04.14"]
[Round "2"]
[White "Petersen, Jan Han"]
[Black "Olsen, Karsten Kierkegaard"]
[Result "1-0"]
[WhiteElo "1877"]
[BlackElo "1689"]
[PlyCount "53"]
[EventDate "2017.04.13"]

1. d4 e6 2. c4 d5 3. Nf3 Nf6 4. g3 Be7 5. Bg2 O-O 6. O-O c6 7. Qc2 Nbd7 8. Nbd2
e5 9. dxe5 Ng4 10. cxd5 cxd5 11. e4 d4 12. Nxd4 Ndxe5 13. N2b3 Qb6 14. h3 Nf6
15. Be3 Qa6 16. Rfc1 Bd7 17. Bf1 Qd6 18. f4 Rac8 19. fxe5 Qxe5 20. Bf4 Qxf4 21.
gxf4 Rxc2 22. Rxc2 Nxe4 23. Re1 f5 24. Rc7 Rd8 25. Nxf5 Bxf5 26. Rxe7 Ng3 27.
Bc4+ 1-0

[Event "G5-2, gruppe 1"]
[Site "Skorping"]
[Date "2017.04.15"]
[Round "3"]
[White "Agger, Lars Breinholt"]
[Black "Jepsen, Thomas Tange"]
[Result "1-0"]
[WhiteElo "1802"]
[BlackElo "2080"]
[PlyCount "53"]
[EventDate "2017.04.13"]

1. e4 c6 2. d4 d5 3. Nc3 dxe4 4. Nxe4 Bf5 5. Ng3 Bg6 6. h4 h6 7. Nf3 Nd7 8. h5
Bh7 9. Bd3 Bxd3 10. Qxd3 e6 11. Bd2 Ngf6 12. O-O-O Be7 13. Ne4 O-O 14. Ne5 Nxe5
15. dxe5 Qxd3 16. cxd3 Nd5 17. a3 Rfd8 18. g4 Rd7 19. f4 Rad8 20. g5 Nb6 21.
gxh6 Rxd3 22. Rdg1 Nc4 23. Rxg7+ Kh8 24. Rh2 Bf8 25. Rhg2 Nxd2 26. Rg8+ Kh7 27.
Nf6+ 1-0

[Event "G5-2, gruppe 1"]
[Site "Skorping"]
[Date "2017.04.15"]
[Round "3"]
[White "Frambol, Christian Emil"]
[Black "Munk, Kai S"]
[Result "0-1"]
[WhiteElo "1763"]
[BlackElo "1979"]
[PlyCount "44"]
[EventDate "2017.04.13"]

1. e4 g6 2. d4 Bg7 3. Nf3 d6 4. Nc3 Bg4 5. Be3 Nd7 6. Qd2 Bxf3 7. gxf3 c6 8. f4
Qa5 9. Bg2 e6 10. f5 O-O-O 11. fxe6 fxe6 12. O-O-O Ngf6 13. Kb1 Kb8 14. Bh3 e5
15. d5 c5 16. Bxd7 Rxd7 17. Qe2 a6 18. a4 Nh5 19. Qc4 Rf8 20. Rdf1 Rf3 21. Bd2
Rdf7 22. Nd1 Qxd2 0-1

[Event "G5-2, gruppe 1"]
[Site "Skorping"]
[Date "2017.04.15"]
[Round "3"]
[White "Gronhoj, Benny"]
[Black "Raahauge, Lars"]
[Result "1-0"]
[WhiteElo "2040"]
[BlackElo "1863"]
[PlyCount "45"]
[EventDate "2017.04.13"]

1. e4 e5 2. Nf3 Nc6 3. d4 exd4 4. Nxd4 Qf6 5. Be3 Bc5 6. c3 a6 7. Be2 Nge7 8.
O-O O-O 9. Qd2 Bxd4 10. cxd4 d5 11. f3 Be6 12. Nc3 Rad8 13. Rac1 h6 14. Na4 Qg6
15. Nc5 Bc8 16. Rc3 f5 17. e5 Rde8 18. f4 Nd8 19. Rf3 c6 20. Rh3 Qh7 21. Bf2
Ne6 22. Nxe6 Bxe6 23. Rb3 1-0

[Event "G5-2, gruppe 1"]
[Site "Skorping"]
[Date "2017.04.15"]
[Round "3"]
[White "Nielsen, Carsten Juul"]
[Black "Nielsen, Henrik Wendelbo"]
[Result "1-0"]
[WhiteElo "1909"]
[BlackElo "1842"]
[PlyCount "79"]
[EventDate "2017.04.13"]

1. d4 d5 2. c4 e6 3. Nc3 Nf6 4. Bf4 c6 5. e3 Qa5 6. Bd3 dxc4 7. Bxc4 Nd5 8.
Bxd5 exd5 9. Qc2 Bb4 10. Nf3 Nd7 11. O-O Nf6 12. a3 Bxc3 13. bxc3 O-O 14. Nd2
Be6 15. Nb3 Qa4 16. Qb2 b6 17. Nc1 Rad8 18. Bg5 Rd7 19. Bxf6 gxf6 20. Nd3 Bf5
21. Nf4 Bg6 22. Rfc1 Qa6 23. Qb4 c5 24. dxc5 bxc5 25. Qxc5 Rc8 26. Qb4 Rc4 27.
Qb2 Qc8 28. Rd1 Qd8 29. Rd4 Rc5 30. h4 Qc8 31. Rc1 Rb7 32. Qd2 Kg7 33. Nxd5
Rcb5 34. Rb4 Rxb4 35. axb4 Qg4 36. Qd4 Qe6 37. c4 Rd7 38. b5 Be4 39. Nf4 Qg4
40. Qxe4 1-0

[Event "G5-2, gruppe 1"]
[Site "Skorping"]
[Date "2017.04.15"]
[Round "3"]
[White "Hansen Eliasen, Bogi"]
[Black "Olsen, Karsten Kierkegaard"]
[Result "1/2-1/2"]
[WhiteElo "1910"]
[BlackElo "1689"]
[PlyCount "52"]
[EventDate "2017.04.13"]

1. d4 Nf6 2. c4 g6 3. Nc3 Bg7 4. e4 d6 5. Bd3 e5 6. d5 O-O 7. Nge2 Ne8 8. O-O
f5 9. f4 Nf6 10. fxe5 dxe5 11. exf5 e4 12. Nxe4 Bxf5 13. Nc5 Qd6 14. b4 Nxd5
15. Bxf5 gxf5 16. Rb1 Nb6 17. Qxd6 cxd6 18. Ne6 Rf7 19. c5 dxc5 20. bxc5 Na4
21. Rb4 Nc3 22. Nxc3 Bxc3 23. Rb3 Be5 24. Bb2 Nc6 25. Bxe5 Nxe5 26. Re1 Nc6
1/2-1/2

[Event "G5-2, gruppe 1"]
[Site "Skorping"]
[Date "2017.04.16"]
[Round "4"]
[White "Christiansen, Jens Jorgen"]
[Black "Agger, Lars Breinholt"]
[Result "1-0"]
[WhiteElo "2130"]
[BlackElo "1802"]
[PlyCount "83"]
[EventDate "2017.04.13"]

1. d4 Nf6 2. c4 g6 3. g3 Bg7 4. Bg2 d5 5. cxd5 Nxd5 6. Nf3 O-O 7. O-O c5 8. e4
Nb4 9. a3 N4a6 10. d5 e5 11. Nc3 Nd7 12. Re1 c4 13. Bf1 Nb6 14. Be3 Qc7 15. Nb5
Qd7 16. Nxa7 Na4 17. Nxc8 Raxc8 18. Qc2 c3 19. b3 N4c5 20. Rab1 Qg4 21. Ng5 Qd7
22. b4 Qa4 23. Rec1 Qxc2 24. Rxc2 Na4 25. Rbc1 h6 26. Nh3 Nc7 27. Bc4 Na8 28.
Bb3 N8b6 29. Bxb6 Nxb6 30. Rxc3 Kh7 31. a4 f5 32. a5 Rxc3 33. Rxc3 Na8 34. f3
fxe4 35. fxe4 g5 36. Nf2 h5 37. h3 Rd8 38. Nd3 g4 39. hxg4 hxg4 40. Nf2 Bf8 41.
Rc4 Bd6 42. Nxg4 1-0

[Event "G5-2, gruppe 1"]
[Site "Skorping"]
[Date "2017.04.16"]
[Round "4"]
[White "Jepsen, Thomas Tange"]
[Black "Molvig, Henrik"]
[Result "1/2-1/2"]
[WhiteElo "2080"]
[BlackElo "2095"]
[PlyCount "43"]
[EventDate "2017.04.13"]

1. d4 d5 2. c4 e6 3. Nc3 Be7 4. Nf3 Nf6 5. Bg5 O-O 6. e3 Nbd7 7. c5 c6 8. Bd3
h6 9. Bf4 Nh5 10. O-O Nxf4 11. exf4 b6 12. b4 Bb7 13. Re1 a5 14. a3 Re8 15. Qd2
Ba6 16. f5 Bxd3 17. Qxd3 exf5 18. Qxf5 axb4 19. axb4 Rxa1 20. Rxa1 bxc5 21.
bxc5 Bf6 22. Qd3 1/2-1/2

[Event "G5-2, gruppe 1"]
[Site "Skorping"]
[Date "2017.04.16"]
[Round "4"]
[White "Nielsen, Carsten Juul"]
[Black "Kull, Michael Wilhelm"]
[Result "0-1"]
[WhiteElo "1909"]
[BlackElo "1911"]
[PlyCount "72"]
[EventDate "2017.04.13"]

1. d4 Nf6 2. c4 e6 3. Nf3 d5 4. Nc3 Bb4 5. Bd2 O-O 6. e3 c5 7. dxc5 Bxc5 8.
cxd5 Nxd5 9. Nxd5 exd5 10. Bc3 Bg4 11. Be2 Nc6 12. O-O Qd7 13. Qd2 Qd6 14. Rfd1
Rfd8 15. Rac1 Bb6 16. Nd4 Bxe2 17. Qxe2 Rac8 18. Qg4 Qg6 19. Qf4 Bc7 20. Nxc6
bxc6 21. Qa4 Bb6 22. b4 Qf5 23. Bd4 Rd6 24. Bc5 Rg6 25. Rd4 Qh3 26. g3 Rh6 27.
Rh4 Rxh4 28. gxh4 Bc7 29. f4 Bb6 30. Qc2 Re8 31. Qg2 Qxh4 32. Qg3 Qf6 33. Qf2
h6 34. a4 Bxc5 35. bxc5 Qe6 36. Rb1 Qg6+ 0-1

[Event "G5-2, gruppe 1"]
[Site "Skorping"]
[Date "2017.04.16"]
[Round "4"]
[White "Olsen, Karsten Kierkegaard"]
[Black "Raahauge, Lars"]
[Result "1/2-1/2"]
[WhiteElo "1689"]
[BlackElo "1863"]
[PlyCount "28"]
[EventDate "2017.04.13"]

1. e4 e5 2. Nf3 Nc6 3. Bb5 a6 4. Bxc6 dxc6 5. h3 Qd6 6. d3 h6 7. Nbd2 Be6 8.
O-O Ne7 9. b3 c5 10. Bb2 Nc6 11. Nc4 Bxc4 12. dxc4 Rd8 13. c3 Qe6 14. Qe2 Bd6
1/2-1/2

[Event "G5-2, gruppe 1"]
[Site "Skorping"]
[Date "2017.04.16"]
[Round "4"]
[White "Nielsen, Henrik Wendelbo"]
[Black "Hansen Eliasen, Bogi"]
[Result "1-0"]
[WhiteElo "1842"]
[BlackElo "1910"]
[PlyCount "75"]
[EventDate "2017.04.13"]

1. d4 f5 2. g3 Nf6 3. Bg2 d5 4. Nf3 e6 5. O-O Bd6 6. Nbd2 O-O 7. c4 c6 8. Rb1
a5 9. e3 a4 10. c5 Be7 11. b4 axb3 12. Qxb3 Ne4 13. Ne5 Nxd2 14. Bxd2 Nd7 15.
Nd3 g5 16. f3 Bf6 17. Bc3 Qe8 18. e4 fxe4 19. fxe4 Qg6 20. Nf2 Bg7 21. e5 h5
22. Bd2 g4 23. Nd3 Bh6 24. Bxh6 Qxh6 25. Nf4 Rf7 26. Rb2 h4 27. Rbf2 hxg3 28.
Qxg3 Rg7 29. a3 Ra4 30. Ne2 Qh5 31. Rf4 Ra6 32. R1f2 b6 33. Bf1 b5 34. Qe3 Ra4
35. Ng3 Qg5 36. Be2 Qh6 37. Rf8+ Kh7 38. Bd3+ 1-0

[Event "G5-2, gruppe 1"]
[Site "Skorping"]
[Date "2017.04.17"]
[Round "5"]
[White "Molvig, Henrik"]
[Black "Agger, Lars Breinholt"]
[Result "1/2-1/2"]
[WhiteElo "2095"]
[BlackElo "1802"]
[PlyCount "49"]
[EventDate "2017.04.13"]

1. d4 Nf6 2. c4 g6 3. Nc3 d5 4. cxd5 Nxd5 5. e4 Nxc3 6. bxc3 Bg7 7. Bc4 c5 8.
Ne2 Nc6 9. Be3 O-O 10. O-O cxd4 11. cxd4 a6 12. a4 Bg4 13. f3 Na5 14. Bd3 Bd7
15. Rb1 Rc8 16. Rb4 Rb8 17. d5 b5 18. axb5 Bxb5 19. Bxb5 Rxb5 20. Qa4 Qd7 21.
Rfb1 Nc4 22. Bf2 Rfb8 23. Rxb5 axb5 24. Qb4 e6 25. Rd1 1/2-1/2

[Event "G5-2, gruppe 1"]
[Site "Skorping"]
[Date "2017.04.17"]
[Round "5"]
[White "Gronhoj, Benny"]
[Black "Frambol, Christian Emil"]
[Result "1-0"]
[WhiteElo "2040"]
[BlackElo "1763"]
[PlyCount "47"]
[EventDate "2017.04.13"]

1. e4 c6 2. d4 d5 3. Nc3 dxe4 4. Nxe4 Bf5 5. Ng3 Bg6 6. h4 h6 7. h5 Bh7 8. Nf3
Nd7 9. Bd3 Bxd3 10. Qxd3 e6 11. Bd2 Ngf6 12. O-O-O Be7 13. Qb3 Qc7 14. Rhe1 O-O
15. Ne5 c5 16. Ng6 fxg6 17. Qxe6+ Kh8 18. hxg6 Ng8 19. Nf5 Rxf5 20. Qxf5 Rf8
21. Qh3 Bd6 22. Bc3 Ne7 23. dxc5 Nxc5 24. Qxh6+ 1-0

[Event "G5-2, gruppe 1"]
[Site "Skorping"]
[Date "2017.04.17"]
[Round "5"]
[White "Kull, Michael Wilhelm"]
[Black "Jepsen, Thomas Tange"]
[Result "1/2-1/2"]
[WhiteElo "1911"]
[BlackElo "2080"]
[PlyCount "93"]
[EventDate "2017.04.13"]

1. e4 c6 2. d4 d5 3. e5 Bf5 4. Nc3 e6 5. g4 Bg6 6. Nge2 f6 7. h4 Nd7 8. Bf4 Bb4
9. a3 Ba5 10. Rh3 Bf7 11. Nc1 fxe5 12. dxe5 Ne7 13. h5 Qc7 14. b4 Bb6 15. Nd3
Rf8 16. Na4 O-O-O 17. Qd2 g5 18. Bxg5 Nxe5 19. Nxb6+ axb6 20. Bf4 Nxd3+ 21.
Bxd3 e5 22. Bh2 Rg8 23. Qe2 Rg5 24. Re3 Re8 25. Rxe5 Rxe5 26. Bxe5 Qd7 27.
O-O-O h6 28. Re1 c5 29. Bb5 Nc6 30. Qd1 d4 31. bxc5 bxc5 32. f4 Rg8 33. f5 Qd5
34. c4 Qg2 35. Qa4 Nxe5 36. Rxe5 Qf1+ 37. Kb2 Qf2+ 38. Qc2 Qf3 39. Rxc5+ Kb8
40. Qh2+ Ka7 41. Qd2 Rxg4 42. Qa5+ Kb8 43. Ba4 Qe2+ 44. Bc2 Qe7 45. Qb6 Rg2 46.
f6 Rxc2+ 47. Kxc2 1/2-1/2

[Event "G5-2, gruppe 1"]
[Site "Skorping"]
[Date "2017.04.17"]
[Round "5"]
[White "Petersen, Jan Han"]
[Black "Hansen Eliasen, Bogi"]
[Result "1-0"]
[WhiteElo "1877"]
[BlackElo "1910"]
[PlyCount "57"]
[EventDate "2017.04.13"]

1. d4 f5 2. Nc3 d5 3. Bf4 a6 4. Qd3 Nf6 5. f3 e6 6. O-O-O Be7 7. e4 b5 8. a3
O-O 9. exf5 exf5 10. Nge2 Be6 11. Ng3 Qd7 12. Qe3 Re8 13. Bd3 b4 14. axb4 Bxb4
15. Be5 Rf8 16. Qf4 Nc6 17. Rhe1 Ne7 18. h4 Ng6 19. Qg5 Be7 20. Nxf5 Bxf5 21.
Bxf5 Qe8 22. Be6+ Kh8 23. h5 Ne4 24. Qxg6 Bg5+ 25. f4 hxg6 26. Bxd5 Qd7 27.
hxg6 Nf2 28. Rh1+ Bh6 29. Rxh6# 1-0

[Event "G5-2, gruppe 1"]
[Site "Skorping"]
[Date "2017.04.17"]
[Round "5"]
[White "Olsen, Karsten Kierkegaard"]
[Black "Nielsen, Henrik Wendelbo"]
[Result "0-1"]
[WhiteElo "1689"]
[BlackElo "1842"]
[PlyCount "94"]
[EventDate "2017.04.13"]

1. e4 c6 2. Nf3 d5 3. exd5 cxd5 4. d4 Nf6 5. Bd3 Nc6 6. h3 g6 7. O-O Bg7 8. c3
O-O 9. Bf4 Bd7 10. Re1 Re8 11. Nbd2 Rc8 12. Ne5 Qb6 13. Nb3 Nb8 14. Nxd7 Nbxd7
15. Re2 e6 16. Qd2 a5 17. Rae1 a4 18. Nc1 a3 19. Nb3 axb2 20. Qxb2 Qc6 21. Rc1
Nh5 22. Bd2 b6 23. Na1 Nhf6 24. Nc2 Qc7 25. Bb5 Ne4 26. Be1 Red8 27. Nb4 Nb8
28. Nd3 Nd6 29. a4 Nc4 30. Qa1 Nd7 31. Nb4 Na5 32. Nd3 Nb3 33. Qa3 Nxc1 34.
Qxc1 Bxd4 35. cxd4 Qxc1 36. Nxc1 Rxc1 37. f3 Kg7 38. Kf2 Nf6 39. Rb2 Rdc8 40.
Ba6 R8c2+ 41. Rxc2 Rxc2+ 42. Kf1 Nh5 43. Bd3 Ra2 44. Bb5 Nf4 45. Bg3 Nxg2 46.
Be2 Ne3+ 47. Kf2 Nf5 0-1